Environmental Protection Act 1990 (Record no. 105483)

MARC details
000 -LEADER
fixed length control field 01405cad a22002775a 4500
001 - CONTROL NUMBER
control field ##L133825
008 - FIXED-LENGTH DATA ELEMENTS--GENERAL INFORMATION
fixed length control field 060612s2006 xxk s000 0 eng u
020 ## - INTERNATIONAL STANDARD BOOK NUMBER
International Standard Book Number 0755960971
035 ## - SYSTEM CONTROL NUMBER
System control number (Sirsi) u133825
041 0# - LANGUAGE CODE
Language code of text/sound track or separate title eng
050 04 - LIBRARY OF CONGRESS CALL NUMBER
Classification number 333.73 $2 18
110 2# - MAIN ENTRY--CORPORATE NAME
Corporate name or jurisdiction name as entry element Natural Scotland
9 (RLIN) 4961
245 00 - TITLE STATEMENT
Title Environmental Protection Act 1990
Remainder of title Part IIA contaminated land:statutory guidance
-- edition two
Medium [electronic resource]
260 ## - PUBLICATION, DISTRIBUTION, ETC.
Place of publication, distribution, etc. Edinburgh
Name of publisher, distributor, etc. Scottish Executive
Date of publication, distribution, etc. 2006
490 #0 - SERIES STATEMENT
Series statement Scottish Executive Paper
Volume/sequential designation SE/2006/44
520 ## - SUMMARY, ETC.
Summary, etc. Draws attention to changes to the contaminated land regime insofar as contaminated land may be a source of pollution of the water environment. These come into force as a result of the Contaminated Land (Scotland) Regulations 2005. Promulgates revised guidance and puts the changes into context. Also provides a short summary of Scottish Executive policy in this field.
590 ## - LOCAL NOTE (RLIN)
Local note IKA200606, KA
650 24 - SUBJECT ADDED ENTRY--TOPICAL TERM
Topical term or geographic name entry element CONTAMINATED LAND (SCOTLAND) REGULATIONS 2005
650 24 - SUBJECT ADDED ENTRY--TOPICAL TERM
Topical term or geographic name entry element ENVIRONMENTAL PROTECTION ACT 1990 PART IIA
650 24 - SUBJECT ADDED ENTRY--TOPICAL TERM
Topical term or geographic name entry element ENVIRONMENT ACT 1995 S57
651 #4 - SUBJECT ADDED ENTRY--GEOGRAPHIC NAME
Geographic name Scotland
Chronological subdivision 1999-
690 ## - LOCAL SUBJECT ADDED ENTRY--TOPICAL TERM (OCLC, RLIN)
Topical term or geographic name as entry element PROPERTY-RURAL AND NATURAL ASSETS-LAND-CONTAMINATED LAND
710 1# - ADDED ENTRY--CORPORATE NAME
Corporate name or jurisdiction name as entry element Scotland
Subordinate unit Scottish Executive
9 (RLIN) 4769
856 40 - ELECTRONIC LOCATION AND ACCESS
Uniform Resource Identifier <a href="https://www.scotland.gov.uk/Publications/2006/06/05131212/0">https://www.scotland.gov.uk/Publications/2006/06/05131212/0</a>
Public note View the guidance free of charge at www.scotland.gov.uk...
942 ## - ADDED ENTRY ELEMENTS (KOHA)
Suppress in OPAC 0
Holdings
Withdrawn status Lost status Source of classification or shelving scheme Damaged status Not for loan Home library Current library Shelving location Date acquired Total Checkouts Full call number Barcode Date last seen Copy number Price effective from Koha item type
    Dewey Decimal Classification     Virtual Virtual Online 12/06/2006   ONLINE PUBLICATION 133825-2001 06/08/2019 1 06/08/2019 Book